| 000 | 01920nam0a22003971 4500 | ||
|---|---|---|---|
| 001 | v19\rc\1945439 | ||
| 005 | 20260406101008.0 | ||
| 035 | _a(NLR Aleph) 005031187 | ||
| 090 |
_a6692863 _c6692863 |
||
| 100 | _a20080428d1913 u y0rusy50 ca | ||
| 101 | 1 |
_arus _cger |
|
| 102 | _aRU | ||
| 105 | _aa z ||||| | ||
| 200 | 1 |
_aТело животного как самостоятельный организм _fСоч. проф. Рихарда Гессе _gС 481 рис. в тексте и с 15 табл., черными и в красках, по ориг. Г. Гентера, М. Гепфеля, Э. Гесса [и др.] _gПер. с нем. под ред. проф. зоологии Ю.Н. Вагнера |
|
| 210 |
_aСанкт-Петербург _cА.Ф. Девриен _d1913 |
||
| 215 |
_aXII, [2], VIII, 714 с., 15 л. ил. _cил. _d28 |
||
| 225 | 1 |
_aСтроение и жизнь животных в их взаимном соотношении _fСоч. д-ра Рихарда Гессе, проф. зоологии Высш. с.-х. ин-та в Берлине. Д-ра Франца Дофлейна, проф. зоологии в Мюнх. ун-те _vТ. 1 |
|
| 300 | _aВ части изд. с. I-VIII 3-й паг. изъяты | ||
| 700 | 1 |
_aГессе _bР. _f1868- _gРихард |
|
| 702 | 1 |
_aГентер _bГ. _4440 |
|
| 702 | 1 |
_aГепфель _bМ. _4440 |
|
| 702 | 1 |
_aГесс _bЭ. _4440 |
|
| 702 | 1 |
_4340 _8rus _7ca _aВагнер _bЮ. Н. _cзоолог _f1865-1945 _gЮлий Николаевич _3RU\NLR\AUTH\7778519 _961447 |
|
| 801 | 0 |
_aRU _bNLR _gpsbo |
|
| 801 | 0 |
_aRU _bRuMoRGB _2psbo |
|
| 801 | 1 |
_aRU _bProSoft-M _2rusmarc |
|
| 852 |
_aNLR _j37.47.9.28(1) |
||
| 852 |
_aNLR _j136/421(1) |
||
| 899 |
_aRuMoRGB _jW 442/36 |
||
| 899 |
_aRuMoRGB _jR 139/5 |
||
| 899 |
_aRuMoRGB _jU 301/36 |
||
| 899 | _aБАН | ||
| 899 | _aНБ СПбГУ | ||
| 899 | _aНБ МГУ | ||
| 942 | _cBOOK | ||
| 980 | _aNB | ||